Lilás, a fadazinha da ametista (Registo nº 1028)

Detalhes MARC
000 -Etiqueta do registo
Cabeçalho 00986nam0a2200277 4500
005 - Identificador da versão
Campo de controlo 20240822165217.0
010 ## - Número internacional normalizado dos livros (ISBN)
Número (ISBN) 9789722229197
021 ## - Número do Depósito Legal
Código do país PT
Número 289731/09
100 ## - Dados gerais de processamento
Dados gerais de processamento 20160708d2009 d y0pory5003 ba
101 1# - Língua de publicação
Língua do texto, banda sonora, etc. Português
Língua do documento no original Inglês
102 ## - Pais de publicação ou produção
País de publicação Portugal
200 1# - Titulo e menção de responsabilidade
Título próprio Lilás, a fadazinha da ametista
Primeira menção de responsabilidade Daisy Meadows
Outras menções de responsabilidade trad. de Maria Isabel de Mendonça Soares
-- il. Georgie Ripper
210 ## - Publicação, Distribuição, etc. 
Lugar da edição, distribuição, etc. Lisboa
Nome do editor, distribuidor, etc. Verbo
Data da publicação, distribuição, etc. D.L. 2009
215 ## - Descrição física 
Indicação específica da natureza do documento e extensão da espécie 73, [4] p.
Dimensões 20 cm
225 2# - Colecção 
Título próprio da colecção A magia do arco-íris
Nome de uma parte ou secção As fadazinhas das pedras preciosas
Indicação de volume 26
300 ## - Notas gerais 
Texto da nota Plano Nacional de Leitura
314 ## - Notas relativas a responsabilidade intelectual 
Texto da nota Daisy Meadows é pseudónimo de Narinder Dhami, Sue Bentley, Linda Chapman, e Sue Mongredien
606 ## - Nome comum usado como assunto
Número de registo de entrada de autoridade 0002036
Palavra de ordem Literatura inglesa
Subdivisão de assunto Conto
Código do sistema CA
675 ## - Classificação Decimal Universal (CDU)
Notação 821.111-34
Edição 3ª ed.
Língua da edição por
700 #1 - Nome de autor-pessoa física (responsabilidade principal)
Número de registo de entrada de autoridade 0003103
Palavra de ordem Meadows
Outra parte do nome não tomada para palavra de ordem Daisy
Elementos de identificação ou distinção pseud.
702 #1 - Nome de autor-pessoa física (responsabilidade secundária)
Número de registo de entrada de autoridade 0001397
Palavra de ordem Ripper
Outra parte do nome não tomada para palavra de ordem Georgie
Código de função Ilustrador / Técnico de desenho computorizado
Número de registo de entrada de autoridade 0000704
Palavra de ordem Soares
Outra parte do nome não tomada para palavra de ordem Maria Isabel de Mendonça
Datas 1922-
Código de função Tradutor
942 ## - Elementos de entrada adicionados (Koha)
Tipo de item no Koha Livro
966 ## - Identificação da Biblioteca
Sigla EB2,3ENM
Exemplares
Situação do levantamento Origin of item (home branch) (coded) Biblioteca de empréstimo Código de barras Cota Circulation type (not for loan) Tipo de documento Nota do exemplar Damaged status
  Biblioteca Escolar Eng. Nuno Mergulhão Biblioteca Escolar Eng. Nuno Mergulhão BENM1885 82LE-34 MEA PNL   Livro Sem mensagem  
  Biblioteca Escolar Eng. Nuno Mergulhão Biblioteca Escolar Eng. Nuno Mergulhão BENM2024 8EST MEA   Livro Sem mensagem